000 00565cam a22001814a 4500
005 20250605164405.0
008 250528s ||||||||||||||||||||||||d
035 _a24770
040 _aGR-AtMCL
_bgre
_dGR-AtMCL
_eAACR2
245 1 _aGlobal Railway Review
260 _bGlobal Railway Review,
_c2022
300 _a48
520 _aReducing Noise and Vibration Nuisance, An Overview of the Extensive Project, Finland's Fast Track to FRMCS', Preparing for Winter.
700 1 _aWaters Craig
_99421
942 _cCR
999 _c9621
_d9621